| 000 | 00750nas a2200229 i 4500 | ||
|---|---|---|---|
| 001 | 625 | ||
| 003 | ES-MaACL | ||
| 005 | 20250724062531.0 | ||
| 008 | 950801c1978 sp q| | 1 ||pa d | ||
| 080 | _a460 | ||
| 245 | 0 | 0 |
_aCapela _b: boletín de información personal de un hombre que vive en el campo / _cdir. Bernardo Víctor Carande. |
| 260 |
_aAlmendral (Badajoz) : _bCarande, _c1978- |
||
| 300 |
_a1 v. ; _c21 cm. |
||
| 310 | _aTrimestral | ||
| 362 | 0 | _a2ª época, n. 1 (1978)- | |
| 500 | _aEl subtít. se refiere a Bernardo Victor Carande. | ||
| 650 | 7 |
_aCultura _2embne _9170963 |
|
| 700 | 0 |
_aCarande, Bernardo Víctor, _d1932-2005 _934950 |
|
| 852 |
_aES-MaACL _jHEM-H-306 _xHem-1228 _d |
||
| 866 | 0 | _o1978-87. | |
| 999 |
_c625 _d625 |
||